Goats and goatkeeping

Bibliographic Details
Main Author: Thear, Katie
Format: Book
Published: London : Merehurst Press , 1988
Subjects:

MARC

LEADER 00000cam a2200000 7i4500
001 0000037526
005 20131004.0
008 131004
020 |a 0948075910 
090 0 0 |a 636.39   |b THE 
100 1 |a Thear, Katie 
245 1 0 |a Goats and goatkeeping   |c Katie Thear 
260 |a London :   |b Merehurst Press ,   |c 1988 
650 0 |a Goats 
650 0 |a Lovestock   |x Goat   |x Care & management 
999 |a 0000825208   |b Book   |c Adult Collection   |e Cawangan Segamat